We are Korea

Salvato in:
Dettagli Bibliografici
Autori principali: Sohn, Yong-taik (Autore), Sun, Mi-ra (Autore), Choi, Soo-hyang (Autore), Ryu, Jae-myong (Autore), Lee, In-hyo (Autore), Noh, Hee-bang (Autore)
Natura: Libro
Lingua:inglese
Pubblicazione: Canberra APEC 1999
Soggetti:
Tags: Aggiungi Tag
Nessun Tag, puoi essere il primo ad aggiungerne!!

MARC

LEADER 00000nam a2200000 a 4500
001 UCO8486
003 CL-VaPUC
008 001207e19990000AT |||||||||||||||||eng|d
082 0 4 |a 372.83  |b SOH  |2 21 
100 0 |a Sohn, Yong-taik  |e author  |9 453403 
700 0 |a Sun, Mi-ra  |e author  |9 453404 
700 0 |a Choi, Soo-hyang  |e author  |9 453405 
700 0 |a Ryu, Jae-myong  |e author  |9 453406 
700 0 |a Lee, In-hyo  |e author  |9 453407 
700 0 |a Noh, Hee-bang  |e author  |9 453408 
245 1 0 |a We are Korea 
300 |a 32 p 
942 |c BK 
945 |d 20001207 00:00:00  |a cmena 
260 |a Canberra  |b APEC  |c 1999 
500 |a Material en Hemeroteca 
500 |a Material complementario con textos We are APEC teacher's guide y We are Australia, Brunei Darussalam, Canada, Hong Kong, China, Indonesia, Malaysia, Mexico, Papua New Guinea, Philippines, Chinese Taipei, Thailand y CD-ROM We are APEC 
650 0 |a Métodos de enseñanza  |9 270413 
650 0 |a Relaciones Internacionales  |9 255740 
650 7 |a COMERCIO INTERNACIONAL  |2 CL-VaPUC  |9 453409 
650 0 |a Desarrollo económico y social   |9 256320 
651 7 |a KOREA  |2 CL-VaPUC  |9 389682 
583 |a last modification  |c 20170911 03:59:18  |k Rodrigo Vera 
999 |c 293105  |d 293103 
952 |0 0  |1 0  |4 0  |6 372_830000000000000_SOH_1999  |7 0  |8 A  |9 344298  |a BIBEDU  |b BIBEDU  |d 2019-11-20  |i 3630110  |o 372.83 SOH 1999  |p 3630110  |r 2019-11-20  |w 2019-11-20  |y BK  |k BME